000 00941cam a2200217 4500
001 178799
003 ES-MaACL
005 20240308100202.0
008 110701s2007 sp aco |||| |dspa d
080 _a821.133.1-3"19"(082.2)
245 0 0 _aArchipiélago francés
_b: catorce fragmentos de narrativa francesa contemporánea /
_cuna selección de Norbert Czarny.
246 3 8 _aArchipiélago francés
_b: narrativa
260 _a[Madrid] :
_bLa Oveja Roja :
_bServicio Cultural de la Embajada de Francia en España,
_c[2007]
300 _a131 p. :
_bil., fot. ;
_c17 cm.
650 1 7 _aNovela francesa-
_yS.XX-
_vReseñas bibliográficas
_2
_9147294
700 1 _aCzarny, Norbert.
_9147291
710 1 _aFrancia.
_bEmbajada (España)
_94161
852 _aES-MaACL
_jA-11315
_9185660
_bR.145398
_cDEPO1
_dOlim: N-4319
_xDonación: Doctor Calles
942 _2udc
_cMONOGRAFIA
999 _c178799
_d178799